Jde o peníze. Reforma účetnictví podnikatelských subjektů v ČSFR.

Informácia o pripravovanom novo poňatom účtovníctve podnikateľských subjektov orientovanom na poskytovanie pohľadov na finančnú situáciu z hľadiska rôznych používateľov. Orientácia tohto účtovníctva na úpravy zodpovedajúce európskemu trendu. Charakteristika hlavných zmien účtovníctva. Smerovanie na...

ver descrição completa

Na minha lista:
Detalhes bibliográficos
Autor principal: Kosina, R.
Formato: Capítulo de Livro
Idioma:tcheco
Assuntos:
Tags: Adicionar Tag
Sem tags, seja o primeiro a adicionar uma tag!

MARC

LEADER 00000naa a2200000 4500
001 r006247
005 20221125075623.8
041 0 |a cze 
044 |a [CS] 
245 1 0 |a Jde o peníze.  |b Reforma účetnictví podnikatelských subjektů v ČSFR.  |c R. Kosina 
520 |a Informácia o pripravovanom novo poňatom účtovníctve podnikateľských subjektov orientovanom na poskytovanie pohľadov na finančnú situáciu z hľadiska rôznych používateľov. Orientácia tohto účtovníctva na úpravy zodpovedajúce európskemu trendu. Charakteristika hlavných zmien účtovníctva. Smerovanie na tzv. finančné (základné) účtovníctvo s uvedením nevyhnutných väzieb na účtovníctvo nákladové (vnútropodnikové). Náčrt novej štruktúry výkazov. 
610 2 0 |a účtovníctvo 
610 2 0 |a ČSFR 
610 2 0 |a výkazy účtovné 
610 2 0 |a podnikatelia 
610 2 0 |a účtovníctvo finančné 
610 2 0 |a účtovníctvo vnútropodnikové 
100 1 |a Kosina, R.